000 00649cab a22001935a 4500
001 L153480
008 110801e20110729xxkd f 000 0 eng d
035 _a(Sirsi) u153480
041 0 _aeng
100 1 _aFordham, Peter
245 0 0 _aMarket forecast
_bglass half empty
260 _c2011
490 0 _aBuilding
_v276(8689) 29 July 2011, 46-48(3)
520 _aThe rest of the country is lagging behind London; executive summary, trends and forecast, hot topic - London offices market, activity indicators, building cost index.
590 _aKA
651 4 _aUnited Kingdom
_y
690 _aBUILT ENVIRONMENT-CONSTRUCTION MARKET
942 _n0
999 _c83303
_d83303